=LDR 00000nam 2200000 4500 =001 INLIS000000000035638 =990 ##$$a DW00024476 =005 20210223084256 =990 ##$$a DW00024473 =035 ##$$a 0010-061300000035638 =990 ##$$a DW00024474 =041 ##$$a Ind =990 ##$$a DW00024475 =082 ##$$a 2x1.3 =990 ##$$a DW00021011 =090 ##$$a 2vi.bi , far 6 =990 ##$$a DW00026412 =100 1#$$a Farmawi, Abd.Al-Hayyi Al =990 ##$$a 00045132 =245 1#$$a Metode tafsir mawdhu'iy : $b Suatu pengantar /$c Dr. Abd.Al-Hayy Al-Farmawi =990 ##$$a 00091555 =260 ##$$a Jakarta :$b PT. Raja Grafindo Persada,$c 1996 =990 ##$$a 00089882 =300 ##$$a XVII,151 hlm, ; $c 14 x 22 cm =850 ##$$a NBPNMAT =020 ##$$a 979-421-408--6 =084 ##$$a 2x1.3 FAR m =250 ##$$a cet.1 =650 #4$$a Al-Qur'an-Tafsir =008 210223################g##########0#ind## =990 ##$$a DW00024473 =990 ##$$a DW00024474 =990 ##$$a DW00024475 =990 ##$$a DW00024476 =990 ##$$a DW00021011 =990 ##$$a DW00026412 =990 ##$$a 00045132 =990 ##$$a 00091555 =990 ##$$a 00089882 =990 ##$$a 00089882 =990 ##$$a DW00024473 =990 ##$$a DW00024474 =990 ##$$a DW00024475 =990 ##$$a DW00024476 =990 ##$$a DW00021011 =990 ##$$a DW00026412 =990 ##$$a 00045132 =990 ##$$a 00091555 =990 ##$$a DW00024476 =990 ##$$a DW00024473 =990 ##$$a DW00024474 =990 ##$$a DW00024475 =990 ##$$a DW00021011 =990 ##$$a DW00026412 =990 ##$$a 00045132 =990 ##$$a 00091555 =990 ##$$a 00089882 =990 ##$$a DW00024475 =990 ##$$a DW00024473 =990 ##$$a DW00024474 =990 ##$$a DW00024476 =990 ##$$a DW00021011 =990 ##$$a DW00026412 =990 ##$$a 00045132 =990 ##$$a 00091555 =990 ##$$a 00089882 =990 ##$$a DW00024474 =990 ##$$a DW00024473 =990 ##$$a DW00024475 =990 ##$$a DW00024476 =990 ##$$a DW00021011 =990 ##$$a DW00026412 =990 ##$$a 00045132 =990 ##$$a 00091555 =990 ##$$a 00089882 =990 ##$$a DW00024473 =990 ##$$a DW00024474 =990 ##$$a DW00024475 =990 ##$$a DW00024476 =990 ##$$a DW00021011 =990 ##$$a DW00026412 =990 ##$$a 00045132 =990 ##$$a 00091555 =990 ##$$a 00089882